| 000 | 00865nam a2200265 a 4500 | ||
|---|---|---|---|
| 001 | 24109 | ||
| 003 | BD-RjUL | ||
| 005 | 20211209001018.0 | ||
| 008 | 140312s1987 hiua b s001 0beng | ||
| 020 | _a0824810392 : | ||
| 035 | _a(BD-RjUL)24175 | ||
| 040 |
_aDLC _cDLC _dDLC _dBD-RjUL _beng |
||
| 041 | _aeng | ||
| 082 | 0 | 0 |
_a700.924 _219 _bADT 1987 |
| 100 | 1 |
_aAddiss, Stephen, _d1935- _974269 |
|
| 245 | 1 | 0 |
_aTall mountains and flowing waters : _bthe arts of Uragami Gyokudō / _cStephen Addiss. |
| 260 |
_aHonolulu : _bUniversity of Hawaii Press, _cc1987. |
||
| 300 |
_aix, 163 p. : _bill. ; _c27 cm. |
||
| 504 | _aBibliography: p. 159-160. and index. | ||
| 600 | 1 | 0 |
_aUragami, Gyokudō, _d1745-1820 _xCriticism and interpretation. _974270 |
| 650 | 0 |
_aArtists _zJapan _xBiography. _951897 |
|
| 942 |
_2ddc _cBK |
||
| 999 |
_c24109 _d24109 |
||